01734cas a2200421 a 4500999001500000001001900015003000400034005001700038008004100055035002500096040002300121041001300144043003000157080002500187080002700212245006200239260006300301300002200364310001400386362004300400500003000443505002800473510002400501515005300525546002700578580007800605650005200683710004600735752006400781785006200845856009200907907007000999908001801069940000701087942001301094949011301107952009201220 c7958d7958991050354269706706OSt20250128101315.0990426d19261928spc | p|| ||| 0 b|spa  a(ES-BaCBU).b23258378 aES-BaBCbcatcCDMR aspabcat ae-sp---be-spc--2catmarc a070(467.1))(091)(05) a061.231:070(467.1)(05)00aBoletín de la Federación de la Prensa Catalano-Balear aBarcelona :bla Federación,c1926-1928e([s.l. :fs.n.]) a3 núm. ;c25 cm aIrregular0 a[No. 1] (jul. 1926)-no. 3 (sept. 1928) aCapçalera tipogràfica8 aNúmeros monogràfics3 aTorrent/Tasis I-700 aEl primer número sense designació numèrica aAlgun text en català aContinuada per: Butlletí de la Federació de la Premsa Catalano-Balear 7aPremsazCatalunyaxHistòriaxRevistes.2lemac2 aFederación de la Prensa Catalano-Balear aCatalunyabBarcelona (Província)cBarcelonèsdBarcelona00tButlletí de la Federació de la Premsa Catalano-Balear uhttps://arca.bnc.cat/arcabib_pro/ca/consulta/registro.do?id=2803zAccés lliure (ARCA) a.b23258378b15-02-21c07-05-08d07-05-08esfbg-hcatispcj0k1 aBCaAHCBaAHS aBC 2udccRES a1003021248bD3 938/4c1d0e0f02.07.13g1h1926k1300m02.08.13n02.08.13o0pFons: Hemeroteca Arxiu Turull 00104070aCDMRbCDMRd2024-11-04l0oDu (1-3, 1926-1928)r2024-11-04w2024-11-04yRES